000
00216nam a2200097Ia 4500
100
_a
YADAV/R.
942
_c
BK
245
_a
HEAT AND MASS TRANSFER
260
_b
CENTRAL PUBLICATION
_a
Allahabad
_c
2009
546
_a
ENGLISH
999
_c
20509
_d
20509